Mezinárodní účetní standardy

Salvato in:
Dettagli Bibliografici
Autore principale: Fireš, Bohuslav
Ente Autore: Svaz účetních
Altri autori: Harna, Lubomír
Natura: Libro
Lingua:ceco
Pubblicazione: Praha Bilance 1997
Serie:Vzdělávání účetních v ČR
Soggetti:
Tags: Aggiungi Tag
Nessun Tag, puoi essere il primo ad aggiungerne!!

MARC

LEADER 00000nam a2200000 4500
001 c111121
005 20221221130905.9
041 0 |a cze 
044 |a CZ 
245 1 0 |a Mezinárodní účetní standardy  |c Bohuslav Fireš, Lubomír Harna 
264 1 |a Praha  |b Bilance  |c 1997 
300 |a 1. kniha s. 5-160 ; 2. kniha s. 161-400 
490 1 |a Vzdělávání účetních v ČR 
830 0 |a Vzdělávání účetních v ČR 
610 2 0 |a účtovníctvo 
610 2 0 |a účtovníci 
610 2 0 |a kvalifikácia 
610 2 0 |a štandardizácia 
610 2 0 |a koncepcie 
610 2 0 |a výkazy účtovné 
610 2 0 |a aktíva 
610 2 0 |a dlhy 
610 2 0 |a kapitál 
610 2 0 |a výnosy 
610 2 0 |a náklady 
610 2 0 |a ceny 
610 2 0 |a oceňovanie 
610 2 0 |a politika podniková 
610 2 0 |a súvaha 
610 2 0 |a výsledovka 
610 2 0 |a majetok finančný 
610 2 0 |a závierka účtovná konsolidovaná 
610 2 0 |a metódy účtovné 
610 2 0 |a Európska únia 
610 2 0 |a Česko 
100 1 |a Fireš, Bohuslav 
700 1 |a Harna, Lubomír 
710 2 |a Svaz účetních